Score 0/19 Timer 02:00
6 Plays Today
Hint Answer % Correct
•• Utensil for eating ••FORK
99.2%
•• Meat from a pig ••PORK
98.8%
American car brandFORD
98.3%
•• Dairy product ••MILK
96.5%
•• What you don't want growing in the fridge ••MOLD
95.5%
•• What this word ladder is about ••FOOD
94.5%
•• Green citrus fruit ••LIME
93%
A creaseFOLD
92.7%
•• Like unspicy salsa ••MILD
92%
•• Pepper's table-side partner ••SALT
90.3%
Hint Answer % Correct
A type of musicFOLK
89%
11th U.S. PresidentPOLK
88.9%
Straight segmentLINE
88.8%
AlikeSAME
88.7%
Not able to walkLAME
86.5%
Shreds of fiber in your belly-buttonLINT
86.3%
•• A common after dinner flavor ••MINT
85.5%
•• A good time to buy food at the store ••SALE
84.2%
Animal related to otter and weaselMINK
83.1%

Today's Daily Dose

Remove Ads.
Support Sporcle.
Get the best of Sporcle when you Go Orange. This ad-free experience offers more features, more stats, and more fun while also helping to support Sporcle. Thank you for becoming a member.

You're not logged in!

Compare scores with friends on all Sporcle quizzes.
OR
Log In

Show Comments

Extras

Top Quizzes Today


Score Distribution

Your Account Isn't Verified!

In order to create a playlist on Sporcle, you need to verify the email address you used during registration. Go to your Sporcle Settings to finish the process.

Report this User

Report this user for behavior that violates our Community Guidelines.

Details: